02896nam a22002417a 45000010005000000030006000050050017000110080041000280400036000690500008001050820008001131000024001212450170001452600082003153000049003975050008004465201582004545200526020365210029025625210020025916500014026117000029026254519FISKH20250310162819.0240912b cb ||||| |||| 00| 0 eng d aFISKHbBilingual cFISKHdFISKH aPZ7 a900 aThaily, Lyeauthor  aចៅទំពាំងមាស /cរៀបរៀងដោយ លី ថៃលី : វិចិត្រកររូបភាពដោយ ថៃ សាន្ត  aភ្នំពេញ : bរោងពុម្ពពេជ្រ ណែត ; a24 pages : bcolor illustrations ;c26 cm .  aK  aមានបុរសក្រីក្រម្នាក់ទៅសុីឈ្នួលលោកមហាសេដ្ធី បានមាសប៉ុនក្រសារត្រីក្រឺមហើយគាត់ក៏យកមាសទៅចូលបុណ្យនៅវត្ត​ ។​ក្រោយមកបុរសម្នាក់នោះក៏ស្លាប់ដោយសារភាពក្រីក្រ ។​ ហើយគែក៏បានចាប់កំណើតក្នុងត្រកូលក្រីក្រ។ នៅពេលគេមានអាយុ២០ឆ្នាំឪពុកម្តាយរបស់គេក៏ស្លាប់ចោល។ ថ្ងៃមួយគេបានជួបជាមួយព្រះរាជបុត្រី ហើយព្រះនាងក៏លើកកំរងផ្កាពាក់អោយបុរសកំសត់ ធ្វើអោយព្រះមហាក្សត្រពីរោធយ៉ាងខ្លាំង ក៏បណ្តេញនាងចេញពីវាំង។​ ពេលមកដល់ផ្ទះបុរសកំសត់នាងបានឃើញខ្ខមទាំងមូលសង់អំពីមាស។ នាងគិតថាបុរសនេះល្ងង់ណាស់។ទំពាំងដុះឡើងជាមាសនាងក៏យកទៅថ្វាយបិតា។ ចំណេរក្រោយមកទ្រង់ក៏អោយពលសេនាដង្ហែរពួកគេចូលវាំង ។  aA poor man went to work for a millionaire, got a lot of gold, cream, and he took the gold to the pagoda festival. Later, the man died of poverty, and he was born into a poor family. . When he was 20, his parents died.One day they met the princess, and she brought a wreath for the poor man, and the king was very angry, and he drove her out of the palace.When she arrived at the house of the poor man, she saw the whole Khmer made of gold. She thought this man was very foolish. Later, he sent his troops into the palace.8 a510 bLexile estimate 8 aK bRaz-Plus  aPoor man  aSan, Thai eillustrator